[Event "SRB-chT3 North CS"]
[Site "Serbia"]
[Date "2012.09.23"]
[Round "4.2"]
[White "Markovic, Dragan R"]
[Black "Novakovic, Slobodan"]
[Result "1/2-1/2"]
[WhiteElo "2152"]
[BlackElo "2204"]
[PlyCount "79"]
[EventDate "2012.09.21"]
[EventType "team"]
[EventRounds "10"]
[EventCountry "SRB"]
[SourceTitle "EXT 2015"]
[Source "ChessBase"]
[SourceDate "2014.11.20"]
[SourceVersion "1"]
[SourceVersionDate "2014.11.20"]
[SourceQuality "1"]

1. e4 d6 2. d4 Nf6 3. Nc3 g6 4. Bg5 Bg7 5. e5 Nfd7 6. Nd5 f6 7. exf6 Nxf6 8. Bxf6 exf6 9. Bc4 c6 10. Ne3 Nd7 11. Qe2 Qe7 12. Nf3 Nb6 13. Bb3 Be6 14. 0-0 Bxb3 15. axb3 0-0 16. Rfe1 Qf7 17. Qd3 Rfe8 18. Kf1 a6 19. Nc4 Nxc4 20. bxc4 Rxe1+ 21. Rxe1 Re8 22. d5 Rxe1+ 23. Kxe1 c5 24. Qe2 Kf8 25. Kd2 Bh6+ 26. Kc3 b5 27. cxb5 axb5 28. Qxb5 Qxd5 29. Qc4 Qf5 30. Qd3 Qe6 31. Qc4 Ke7 32. b4 Qc8 33. bxc5 dxc5 34. Qe4+ Kd6 35. Qh4 Qf8 36. Qa4 Qc8 37. Qh4 Qf8 38. Qa4 Qb8 39. Qh4 Qf8 40. Qa4 1/2-1/2

[Event "SRB-chT3 Liga Nord CS"]
[Site "Serbia"]
[Date "2011.09.18"]
[Round "2"]
[White "Markovic, Dragan R"]
[Black "Rikalovic, Dimitrije"]
[Result "1-0"]
[WhiteElo "2182"]
[BlackElo "1932"]
[PlyCount "57"]
[EventDate "2011.09.11"]
[EventType "team"]
[EventRounds "11"]
[EventCountry "SRB"]
[SourceTitle "EXT 2015"]
[Source "ChessBase"]
[SourceDate "2014.11.20"]
[SourceVersion "1"]
[SourceVersionDate "2014.11.20"]
[SourceQuality "1"]

1. e4 g6 2. d4 d6 3. Nc3 Bg7 4. Bg5 Nf6 5. e5 Ng8 6. Nf3 Nc6 7. Bb5 Bd7 8. Qe2 h6 9. Bh4 g5 10. Bg3 dxe5 11. dxe5 e6 12. 0-0-0 g4 13. Bxc6 bxc6 14. Nd2 Qg5 15. Nce4 Qf5 16. Nc5 Bc8 17. Nc4 Ne7 18. Ne3 Qg5 19. Qxg4 Ng6 20. Qxg5 hxg5 21. Ng4 Rb8 22. c4 0-0 23. Rd2 a5 24. Rhd1 Rb4 25. b3 a4 26. a3 Rb8 27. b4 Rb6 28. Kc2 Ne7 29. Nf6+ 1-0